| 000 | 00782nam a2200253 i 4500 | ||
|---|---|---|---|
| 003 | DO-SdBNP | ||
| 005 | 20250520140417.0 | ||
| 007 | ta | ||
| 008 | 240402b19? dr ac||| |||| 00| 0 spa d | ||
| 040 |
_aDO-SdBNP _bspa _cBNPHU _erda |
||
| 041 | _hspa | ||
| 082 | 4 |
_axxx _bG216i _222 |
|
| 100 | 1 |
_aGarcía Lizardo, Mariano de Jesús _eautor _984833 |
|
| 245 | 1 | 0 |
_aEl imperio mocano : _bapuntes históricos de moca / _cMariano de Jesús Lizardo |
| 264 |
_aSanto Domingo : _bFotomegraf, _cfecha no determinada. |
||
| 300 |
_a628 páginas ; _c24 cm. |
||
| 336 |
_2rdacontent _atexto _btxt |
||
| 337 |
_2rdamedia _asin mediación _bn |
||
| 338 |
_2rdacarrier _avolumen _bnc |
||
| 590 | _aInventariado,2025/DG | ||
| 650 | 0 |
_aPsicología infantil _92718 |
|
| 910 | _aDG | ||
| 942 |
_2ddc _cLBS1 |
||
| 999 |
_c58560 _d58560 |
||